| 000 | 00811nam a2200265Ia 4500 | ||
|---|---|---|---|
| 003 | OSt | ||
| 005 | 20220927115043.0 | ||
| 006 | a|||||r|||| 00| 0 | ||
| 007 | ta | ||
| 008 | 220926b |||||||| |||| 00| 0 eng d | ||
| 024 | _a95324 | ||
| 037 | _cThesis and Dissertations | ||
| 040 |
_aRTL _cRTL _beng |
||
| 041 |
_2eng _aeng |
||
| 082 | _a"Y2.237ZB.N7, M2/TH" | ||
| 100 |
_aPatel Tulsi _9390378 |
||
| 245 | 0 |
_aFamily and household _b A study in a Rajasthan villa |
|
| 260 |
_aDelhi _bUniversity of Delhi _c1982 |
||
| 300 |
_a115p _ccm. |
||
| 490 | _a"University of Delhi, Sociology (Deptt of-), Dissertation" | ||
| 500 | _aBibliography: p 111-15 | ||
| 650 | _aFamily Sociology | ||
| 942 |
_h"Y2.237ZB.N7, M2/TH" _cCC |
||
| 999 |
_c705631 _d705631 |
||